How NASA Builds Teams : Mission Critical Soft Skills for Scientists, Engineers, and Project Teams /

Na minha lista:
Detalhes bibliográficos
Autor principal: Pellerrin, Charles J. (Author)
Formato: Livro
Idioma:inglês
Publicado em: Hoboken John Wiley 2009
Tags: Adicionar Tag
Sem tags, seja o primeiro a adicionar uma tag!

MARC

LEADER 00000nam a22000003a 4500
001 0030103
003 SK-STU
005 20180115092050.7
007 ta
008 180115s ----xo-----e------000-0-----d
020 |a 978-0-470-45648-4 
040 |a STU  |b slo 
041 0 |a eng 
044 |a ne 
100 1 |a Pellerrin, Charles J.  |4 aut 
245 1 0 |a How NASA Builds Teams :  |b Mission Critical Soft Skills for Scientists, Engineers, and Project Teams /  |c aut. Charles J Pellerrin 
260 |a Hoboken  |b John Wiley  |c 2009 
300 |a 261 s. 
996 |b 284M087568  |c M* 14066-1  |l MMKN  |s A  |a 24  |w 0030103_0001